Slovensko dejiny, divadlo, hudba, jazyk, literatúra, ľudová kultúra, výtvarné umenie, Slováci v zahraničí

Gespeichert in:
Bibliographische Detailangaben
1. Verfasser: Škvarna, Dušan
Format: Buch
Sprache:Slowakisch
Veröffentlicht: Bratislava PERFEKT [2007]
Schlagworte:
Tags: Tag hinzufügen
Keine Tags, Fügen Sie das erste Tag hinzu!

MARC

LEADER 00000nam$a2200000$$$4500
001 0066111
005 20240314093528.1
020 |a 80-8046-349-2 
041 0 |a slo 
044 |a SK 
245 1 0 |a Slovensko  |b dejiny, divadlo, hudba, jazyk, literatúra, ľudová kultúra, výtvarné umenie, Slováci v zahraničí  |c Dušan Škvarna ... [et al.] 
264 1 |a Bratislava  |b PERFEKT  |c [2007] 
300 |a 383 s. 
610 2 0 |a dejiny 
610 2 0 |a história 
610 2 0 |a umenie 
610 2 0 |a hudba 
610 2 0 |a jazyk štátny 
610 2 0 |a literatúra 
610 2 0 |a kultúra 
610 2 0 |a práca v zahraničí 
610 2 0 |a životopisy 
610 2 0 |a biografia 
610 2 0 |a osobnosť 
610 2 0 |a Slovensko 
100 1 |a Škvarna, Dušan